Online Catalogue and eLibrary

Vadapulathu Pothuvudamai Iyakkamum Tholar Karthigesanum (Record no. 4282)

MARC details
000 -LEADER
fixed length control field 00440nam a2200157Ia 4500
005 - DATE AND TIME OF LATEST TRANSACTION
control field 20250220012749.0
008 - FIXED-LENGTH DATA ELEMENTS--GENERAL INFORMATION
fixed length control field 240331s9999 xx 000 0 und d
082 ## - DDC Classification
Item Number - Author Mark SEN
DDC Edition Number 4811
Class No. 923
100 ## - MAIN ENTRY--PERSONAL NAME
Personal name Senthivel, S. K
245 #0 - TITLE STATEMENT
Title Vadapulathu Pothuvudamai Iyakkamum Tholar Karthigesanum
260 ## - PUBLICATION, DISTRIBUTION, ETC.
Place of publication, distribution, etc. Colombo
Name of publisher, distributor, etc. Puthiya Poomi Publication
Date of publication, distribution, etc. 2003
300 ## - PHYSICAL DESCRIPTION
Extent (e.g. Volumes, Pages etc.) ix, 170 p.,
650 ## - SUBJECT ADDED ENTRY--TOPICAL TERM
Topical term or geographic name entry element Public Property
650 ## - SUBJECT ADDED ENTRY--TOPICAL TERM
Topical term or geographic name entry element Socialist Movement
942 ## - Koha item type (Biblio)
Koha item type Books in Stacks (Lending)
Holdings
Lost status Damaged status Collection code Home library Current library Shelving location Date acquired Full call number Accession Number Item type
    Lending WERC Library WERC Library Social Science Cupboard 03/31/2024 923 SEN 4811 Books in Stacks (Lending)

© WERC Library